00503nam a2200181 a 45000010005000000030009000050080041000140400028000550820013000831000031000962450052001272600031001793000015002104900037002256500030002629420012002929990017003047097CO-ViMGA141112s2004 ck r 000 u spa d aCO-ViMGAbspacCO-ViMGA04a682 L3781 aLesur Esquivel, Luis9521210aManual de herrería : buna guía paso a paso aMexico : bTrillas, c1993 a152 p : il aCómo hacer bien y fácilmente14aHERRERIA - MANUALES95213 2ddccBK c19062d19062